Normal view
MARC view
- Dreyer, Benjamin
Entry Personal Name
001 - CONTROL NUMBER
- control field: 94753
003 - CONTROL NUMBER IDENTIFIER
- control field: NUST
005 - DATE AND TIME OF LATEST TRANSACTION
- control field: 20220724163601.0
008 - FIXED-LENGTH DATA ELEMENTS
- fixed length control field: 220724|| aca||aabn | a|a d
040 ## - CATALOGING SOURCE
- Original cataloging agency: NUST
- Transcribing agency: NUST
100 ## - HEADING--PERSONAL NAME
- Personal name: Dreyer, Benjamin
670 ## - SOURCE DATA FOUND
- Source citation: Work cat.: (NUST)0: Dreyer, Benjamin, author., Dreyer's English :
